Chemickotechnologická a senzorická analýza slovenských šumivých vín : Obh. 7.6.1994 /

Salvato in:
Dettagli Bibliografici
Autore principale: Klčovanská, Alexandra (Autore)
Natura: Manoscritto Libro
Lingua:slovacco
Pubblicazione: Bratislava : STU v Bratislave ChtF, 1994
Tags: Aggiungi Tag
Nessun Tag, puoi essere il primo ad aggiungerne!!

MARC

LEADER 00000ntm a22000003a 4500
001 stu22600
005 20150617225747.3
008 940708s1994----cs------------------slo-d
040 |a STU  |b slo 
041 0 |a slo 
044 |a cs 
100 1 |a Klčovanská, Alexandra  |4 aut 
245 1 |a Chemickotechnologická a senzorická analýza slovenských šumivých vín :  |b Obh. 7.6.1994 /  |c [aut.]Klčovanská,Alexandra 
260 |a Bratislava :  |b STU v Bratislave ChtF,  |c 1994 
300 |a 93 s :  |b Obr.,tab.,lit 
500 |a Špec.:Kvasná chémia a bioinžinierstvo 
996 |b CD11709  |c C*D11709  |l CCI  |s A  |a 24  |w stu22600_0001